000
00325nam a22001337a 4500
008
241217b |||||||| |||| 00| 0 eng d
020
_a
9780071287504
050
_a
HD30.28
_b
.P43
100
_a
PEARCE, A. John
245
_a
Strategic Management
260
_a
New York
_b
McGrow Hill
_c
2011
300
_a
xxi, 404p.
942
_c
BK
999
_c
1856
_d
1856